[Event "Quenza op 12th"]
[Site "Quenza"]
[Date "2023.07.23"]
[Round "3"]
[White "Fressinet, Laurent"]
[Black "Geronimi, Pierre Francois"]
[Result "1-0"]
[WhiteElo "2652"]
[BlackElo "2025"]
[PlyCount "57"]
[EventDate "2023.07.23"]
[EventType "swiss"]
[EventRounds "9"]
[EventCountry "FRA"]
[SourceTitle "CBM 215 Extra"]
[Source "ChessBase"]
[SourceDate "2023.09.30"]
[SourceVersion "1"]
[SourceVersionDate "2023.09.30"]
[SourceQuality "1"]

1. d4 g6 2. e4 Bg7 3. Nc3 d6 4. Be3 a6 5. h4 h6 6. f4 b5 7. h5 Nf6 8. hxg6 fxg6 9. e5 Ng4 10. Qf3 Nxe3 11. Qxe3 b4 12. Ne4 Bb7 13. 0-0-0 Qd7 14. Bd3 Nc6 15. Ng3 0-0-0 16. Nf3 Kb8 17. Ne2 Na5 18. Kb1 Bd5 19. Qd2 c5 20. b3 Rc8 21. Bxa6 Rc7 22. dxc5 Rxc5 23. Qxb4+ Ka7 24. Nc3 Rb8 25. Qd4 Nc6 26. Qe3 Nb4 27. Nxd5 Nxd5 28. Rxd5 Kxa6 29. Qxc5 1-0

[Event "Bastia op"]
[Site "Bastia"]
[Date "2023.07.09"]
[Round "3"]
[White "Geronimi, Pierre Francois"]
[Black "Carnicelli, Valerio"]
[Result "0-1"]
[WhiteElo "2025"]
[BlackElo "2344"]
[PlyCount "62"]
[EventDate "2023.07.09"]
[EventType "swiss"]
[EventRounds "9"]
[EventCountry "FRA"]
[SourceTitle "CBM 215 Extra"]
[Source "ChessBase"]
[SourceDate "2023.09.30"]
[SourceVersion "1"]
[SourceVersionDate "2023.09.30"]
[SourceQuality "1"]

1. e4 c5 2. Nf3 Nc6 3. d4 cxd4 4. Nxd4 e6 5. Nxc6 bxc6 6. Bd3 Nf6 7. Qe2 d5 8. Nd2 Qc7 9. b3 Bb4 10. 0-0 Bc3 11. Ba3 Qa5 12. Bd6 Bxd2 13. e5 Nd7 14. Qg4 g6 15. b4 Qd8 16. f4 Bxb4 17. f5 Bxd6 18. exd6 Ne5 19. Qg3 Qxd6 20. Rae1 Qc5+ 21. Kh1 Nxd3 22. cxd3 Bd7 23. Qe5 0-0 24. f6 Rfb8 25. d4 Qf8 26. Re3 c5 27. dxc5 Rb4 28. Rc3 Rc8 29. Rfc1 Rxc5 30. h3 Rxc3 31. Qxc3 Rc4 0-1

[Event "EU-ch Cities&Town op"]
[Site "Tornelo INT"]
[Date "2023.01.29"]
[Round "?"]
[White "Geronimi, Pierre Francois"]
[Black "Kirichenko, Vitaly"]
[Result "1/2-1/2"]
[WhiteElo "2027"]
[BlackElo "2262"]
[PlyCount "81"]
[EventDate "2023.01.29"]
[EventType "team-swiss"]
[EventRounds "9"]
[EventCountry "NET"]
[SourceTitle "CBM 212 Extra"]
[Source "ChessBase"]
[SourceDate "2023.03.31"]
[SourceVersion "1"]
[SourceVersionDate "2023.03.31"]
[SourceQuality "1"]
[WhiteTeam "Corsica"]
[BlackTeam "Kiev Region"]
[WhiteTeamCountry "FRA"]
[BlackTeamCountry "UKR"]

1. e4 e5 2. Nf3 Nc6 3. Bb5 a6 4. Ba4 Nf6 5. d4 exd4 6. 0-0 Be7 7. Re1 b5 8. Bb3 d6 9. Bd5 Nxd5 10. exd5 Ne5 11. Nxd4 Bd7 12. f4 Ng6 13. a4 0-0 14. Nc3 bxa4 15. Ne4 Re8 16. c4 Bh4 17. g3 Bf6 18. Nxf6+ Qxf6 19. Be3 Ne7 20. Bf2 Nf5 21. Qd2 h5 22. Nxf5 Qxf5 23. Bd4 Rab8 24. Bc3 h4 25. Rxe8+ Rxe8 26. Re1 Rxe1+ 27. Qxe1 Qd3 28. Qf1 Bf5 29. Qxd3 Bxd3 30. Ba5 Bxc4 31. Bxc7 Bxd5 32. Bxd6 h3 33. Kf2 f6 34. g4 Kf7 35. Kg3 Bg2 36. f5 g6 37. Kf4 g5+ 38. Kg3 Ke8 39. Bb4 Kf7 40. Bc3 Ke7 41. Bd4 1/2-1/2

[Event "Paris Universities-ch"]
[Site "Paris"]
[Date "2019.02.02"]
[Round "5"]
[White "Geronimi, Pierre Francois"]
[Black "Mercier, Mathys"]
[Result "1-0"]
[WhiteElo "2042"]
[BlackElo "1889"]
[PlyCount "71"]
[EventDate "2019.02.01"]
[EventType "swiss"]
[EventRounds "9"]
[EventCountry "FRA"]
[SourceTitle "CBM 188 Extra"]
[Source "ChessBase"]
[SourceDate "2019.02.26"]
[SourceVersion "1"]
[SourceVersionDate "2019.02.26"]
[SourceQuality "1"]

1. e4 e6 2. Nf3 d5 3. e5 c5 4. b4 cxb4 5. a3 Nc6 6. axb4 Bxb4 7. c3 Be7 8. d4 Qc7 9. Bd3 f6 10. Qe2 Nh6 11. Bxh6 gxh6 12. Qe3 fxe5 13. dxe5 Bg5 14. Nxg5 hxg5 15. Bb5 h6 16. Bxc6+ bxc6 17. h4 g4 18. Ra4 h5 19. 0-0 Qe7 20. g3 Rf8 21. Nd2 Rf5 22. Nb3 Qg7 23. Re1 Rf3 24. Qc5 Rb8 25. Nd4 Rf7 26. Qd6 Rb6 27. Nxe6 Bxe6 28. Qxe6+ Re7 29. Qc8+ Kf7 30. Rf4+ Kg6 31. Qf5+ Kh6 32. e6 Rbb7 33. Re5 Qg6 34. Qf8+ Kh7 35. Rg5 Qe8 36. Qf5+ 1-0

[Event "Corsica Masters op 16th"]
[Site "Bastia"]
[Date "2012.10.27"]
[Round "3"]
[White "Geronimi, Pierre Francois"]
[Black "Dimitrov, Radoslav"]
[Result "0-1"]
[WhiteElo "2024"]
[BlackElo "2403"]
[PlyCount "88"]
[EventDate "2012.10.27"]
[EventType "swiss (rapid)"]
[EventRounds "9"]
[EventCountry "FRA"]
[SourceTitle "EXT 2013"]
[Source "ChessBase"]
[SourceDate "2012.11.22"]
[SourceVersion "1"]
[SourceVersionDate "2012.11.22"]
[SourceQuality "1"]

1. e4 Nc6 2. Nf3 d5 3. exd5 Qxd5 4. Be2 e5 5. d3 Nf6 6. 0-0 Be7 7. Nc3 Qd8 8. Re1 0-0 9. Bg5 Bg4 10. h3 Bh5 11. Nxe5 Bxe2 12. Qxe2 Nd4 13. Qd2 c6 14. Be3 Ne6 15. Re2 Bb4 16. a3 Ba5 17. Nc4 Bc7 18. Qe1 b5 19. Nd2 Re8 20. Nce4 Nd5 21. g3 f5 22. Nc5 Nxc5 23. Bxc5 Qd7 24. Nf3 f4 25. g4 h5 26. Rxe8+ Rxe8 27. Qf1 hxg4 28. hxg4 Qxg4+ 29. Qg2 Qh5 30. Bd4 Re7 31. Kf1 c5 32. Bc3 Nxc3 33. bxc3 Re6 34. Re1 Rg6 35. Re8+ Kf7 36. Rc8 Rxg2 37. Rxc7+ Kg8 38. Kxg2 Qg4+ 39. Kf1 Qxf3 40. Rxa7 Qd1+ 41. Kg2 Qxc2 42. d4 Qe4+ 43. Kg1 f3 44. dxc5 Qe1+ 0-1

[Event "Stare Mesto op"]
[Site "Stare Mesto"]
[Date "2010.08.15"]
[Round "4"]
[White "Geronimi, Pierre Francois"]
[Black "Vrana, Frantisek"]
[Result "0-1"]
[WhiteElo "1974"]
[BlackElo "2295"]
[PlyCount "84"]
[EventDate "2010.08.13"]
[EventType "swiss"]
[EventRounds "10"]
[EventCountry "CZE"]
[SourceTitle "CBM 138 Extra"]
[Source "ChessBase"]
[SourceDate "2010.10.29"]
[SourceVersion "1"]
[SourceVersionDate "2010.10.29"]
[SourceQuality "1"]

1. e4 e6 2. d4 d5 3. Nc3 Nf6 4. e5 Nfd7 5. Nf3 c5 6. dxc5 Bxc5 7. Bd3 Nc6 8. Bf4 Qc7 9. Qe2 a6 10. 0-0 b5 11. Bg3 Nb6 12. a3 Nc4 13. b4 Nd4 14. Qe1 Nxf3+ 15. gxf3 Bd4 16. Rd1 Nxe5 17. Nxd5 exd5 18. Bxb5+ Kf8 19. Rxd4 Nxf3+ 20. Kh1 Nxe1 21. Rxe1 Qd8 22. Bc7 axb5 23. Bxd8 Rxa3 24. Be7+ Kg8 25. c4 bxc4 26. b5 Rb3 27. Bc5 h5 28. b6 Kh7 29. Rf4 f6 30. Bd4 Bg4 31. Kg2 Bh3+ 32. Kg1 Re8 33. Rc1 Re2 34. f3 Rg2+ 35. Kh1 Rd2 36. Kg1 g5 37. Rxf6 Rxd4 38. Re1 Rd2 39. Rd6 Rg2+ 40. Kh1 Re2 41. Ra1 Ra3 42. Rb1 Raa2 0-1

[Event "St Chely d'Aubrac op 10th"]
[Site "St Chely d'Aubrac"]
[Date "2010.07.12"]
[Round "4"]
[White "Geronimi, Pierre Francois"]
[Black "Devoille, Hugo"]
[Result "1-0"]
[WhiteElo "1974"]
[BlackElo "1746"]
[PlyCount "43"]
[EventDate "2010.07.10"]
[EventType "swiss"]
[EventRounds "9"]
[EventCountry "FRA"]
[SourceTitle "CBM 137 Extra"]
[Source "ChessBase"]
[SourceDate "2010.09.01"]
[SourceVersion "1"]
[SourceVersionDate "2010.09.01"]
[SourceQuality "1"]

1. e4 c5 2. Nf3 e6 3. d4 cxd4 4. Nxd4 Nc6 5. Nxc6 bxc6 6. Bd3 Qc7 7. 0-0 d5 8. Qe2 Nf6 9. Nd2 Be7 10. b3 0-0 11. Bb2 Bb7 12. Rae1 Rfd8 13. Kh1 c5 14. exd5 Nxd5 15. Qh5 h6 16. Ne4 Rac8 17. f4 Bf8 18. Ng5 Nxf4 19. Qxh6 Bxg2+ 20. Kg1 Nh3+ 21. Kxg2 Qc6+ 22. Rf3 1-0

[Event "Corsica-chT"]
[Site "Ponte Leccia"]
[Date "2010.05.16"]
[Round "3"]
[White "Battesti, Leo"]
[Black "Geronimi, Pierre Francois"]
[Result "0-1"]
[WhiteElo "1771"]
[BlackElo "1961"]
[PlyCount "112"]
[EventDate "2010.03.28"]
[EventType "team-tourn"]
[EventRounds "9"]
[EventCountry "FRA"]
[SourceTitle "EXT 2012"]
[Source "ChessBase"]
[SourceDate "2011.11.24"]
[SourceVersion "1"]
[SourceVersionDate "2011.11.24"]
[SourceQuality "1"]

1. Nf3 Nf6 2. c4 e6 3. d4 d5 4. g3 Be7 5. Bg2 0-0 6. 0-0 c5 7. cxd5 exd5 8. dxc5 Bxc5 9. Nc3 Be6 10. Bg5 Nbd7 11. Nd4 h6 12. Be3 Rc8 13. Rc1 Nb6 14. Nxe6 fxe6 15. Bxc5 Rxc5 16. Qd4 Qd6 17. e4 e5 18. Qb4 a5 19. Qb3 Rfc8 20. Rcd1 Rc4 21. exd5 a4 22. Qc2 a3 23. Rb1 Na4 24. Qf5 Nxb2 25. Ne4 Qb6 26. d6 Nxe4 27. Bxe4 Qxd6 28. Qh7+ Kf8 29. Kh1 Qd4 30. Bxb7 R8c7 31. f4 e4 32. Qf5+ Rf7 33. Qd5 e3 34. Qe6 Rcc7 35. Rbc1 Qd7 36. Qxd7 Rfxd7 37. Bf3 Rxc1 38. Rxc1 Rd2 39. Re1 Na4 40. Be2 Nb6 41. Bf3 Rxa2 42. Rxe3 Ra1+ 43. Kg2 a2 44. Ra3 Nc4 45. Ra4 Ne3+ 46. Kh3 g5 47. fxg5 hxg5 48. Ra7 Rf1 49. Rxa2 Rxf3 50. Ra8+ Ke7 51. Re8+ Kd6 52. Rd8+ Ke5 53. Re8+ Kd4 54. Re4+ Kd3 55. Ra4 Rf8 56. Ra8 Rxa8 0-1

[Event "Calvi Balagne op 07th"]
[Site "Calvi"]
[Date "2010.04.28"]
[Round "6"]
[White "De Marchi, Olivier"]
[Black "Geronimi, Pierre Francois"]
[Result "1/2-1/2"]
[WhiteElo "2236"]
[BlackElo "1961"]
[PlyCount "122"]
[EventDate "2010.04.25"]
[EventType "swiss"]
[EventRounds "9"]
[EventCountry "FRA"]
[SourceTitle "CBM 136 Extra"]
[Source "ChessBase"]
[SourceDate "2010.07.02"]
[SourceVersion "2"]
[SourceVersionDate "2010.07.15"]
[SourceQuality "1"]

1. d4 Nf6 2. c4 c5 3. d5 b5 4. cxb5 a6 5. bxa6 Bxa6 6. Nc3 g6 7. g3 d6 8. Bg2 Bg7 9. Nf3 0-0 10. 0-0 Nbd7 11. Rb1 Ra7 12. Qc2 Qa8 13. Rd1 Bb7 14. e4 Nb6 15. Nh4 Na4 16. Nb5 Ra5 17. Na3 Nb6 18. Bd2 Ra4 19. Qb3 Nfd7 20. Bc3 c4 21. Qc2 Nc5 22. Bxg7 Kxg7 23. Bf1 Ba6 24. Rd4 Rb8 25. Nf3 Ncd7 26. Re1 Rc8 27. h4 Ne5 28. Nxe5 dxe5 29. Rdd1 c3 30. Nb5 Bxb5 31. Bxb5 Rb4 32. Bc6 Qxa2 33. Qxc3 Qxb2 34. Qxb2 Rxb2 35. Rb1 Rxb1 36. Rxb1 Nc4 37. Rb7 Na5 38. Rxe7 Kf6 39. Ra7 Nxc6 40. Ra6 Ke7 41. dxc6 Kd6 42. Ra7 Rc7 43. Ra8 Rxc6 44. h5 Ke6 45. h6 Kf6 46. Rh8 Ra6 47. Rxh7 Ra8 48. Kg2 Rf8 49. f4 exf4 50. gxf4 Ra8 51. Kf3 Rb8 52. Kg4 Rb1 53. e5+ Ke6 54. Rh8 Rg1+ 55. Kf3 Rh1 56. h7 Ke7 57. e6 Kf6 58. exf7 Kxf7 59. Ke4 Re1+ 60. Kf3 Kg7 61. Ra8 Kxh7 1/2-1/2

[Event "FRA-ch U18"]
[Site "Troyes"]
[Date "2010.04.13"]
[Round "4"]
[White "Geronimi, Pierre Francois"]
[Black "Song, Julien"]
[Result "0-1"]
[WhiteElo "1961"]
[BlackElo "2329"]
[PlyCount "90"]
[EventDate "2010.04.11"]
[EventType "swiss"]
[EventRounds "9"]
[EventCountry "FRA"]
[SourceTitle "EXT 2012"]
[Source "ChessBase"]
[SourceDate "2011.11.24"]
[SourceVersion "1"]
[SourceVersionDate "2011.11.24"]
[SourceQuality "1"]

1. e4 e6 2. Nf3 d5 3. e5 c5 4. b4 b6 5. bxc5 bxc5 6. c3 Ne7 7. d4 Nec6 8. a3 cxd4 9. cxd4 Ba6 10. Bxa6 Qa5+ 11. Bd2 Qxa6 12. Nc3 Be7 13. Qe2 0-0 14. 0-0 Qxe2 15. Nxe2 Nd7 16. Rfc1 Rfc8 17. Bb4 Bd8 18. Nc3 Nxb4 19. axb4 Rcb8 20. b5 Nb6 21. Ne1 Nc4 22. Nd3 Ba5 23. Nc5 Bxc3 24. Rxc3 Rxb5 25. Na6 Rb2 26. g3 Rc8 27. Nc5 a5 28. Nd3 Rb5 29. Nc5 h6 30. Rcc1 Rcb8 31. Na6 R8b6 32. Nc5 Kh7 33. h4 h5 34. Na4 Rb8 35. Nc5 Rb2 36. Rd1 Rc2 37. Na4 Rb4 38. Nc5 Nb2 39. Rdb1 Rxd4 40. Nb3 Re4 41. Rxa5 Nd3 42. Rd1 Nxf2 43. Rd2 Nh3+ 44. Kg2 Rxd2+ 45. Nxd2 Re2+ 0-1

[Event "FRA-ch U18"]
[Site "Troyes"]
[Date "2010.04.12"]
[Round "2"]
[White "Geronimi, Pierre Francois"]
[Black "Dubessay, Bastien"]
[Result "0-1"]
[WhiteElo "1961"]
[BlackElo "2212"]
[PlyCount "62"]
[EventDate "2010.04.11"]
[EventType "swiss"]
[EventRounds "9"]
[EventCountry "FRA"]
[SourceTitle "EXT 2012"]
[Source "ChessBase"]
[SourceDate "2011.11.24"]
[SourceVersion "1"]
[SourceVersionDate "2011.11.24"]
[SourceQuality "1"]

1. e4 c5 2. Nf3 d6 3. d4 cxd4 4. Nxd4 Nf6 5. Nc3 Nc6 6. f3 e5 7. Nb3 Be7 8. Be3 0-0 9. Qd2 a5 10. a4 Nb4 11. 0-0-0 Be6 12. g4 Rc8 13. g5 Nd7 14. Kb1 Nb6 15. Qf2 Nc4 16. Bxc4 Rxc4 17. Qd2 Qa8 18. Bb6 Qa6 19. Qe3 Nxc2 20. Kxc2 Rb4 21. Nd5 Bxd5 22. Rxd5 Rc8+ 23. Kb1 Qxb6 24. Qxb6 Rxb6 25. Nxa5 Bxg5 26. Rhd1 Be7 27. R1d3 Rb4 28. b3 Rc7 29. Kb2 b6 30. Nc4 Rcxc4 31. Ka3 Rd4 0-1

[Event "Calvi Balagne op 06th"]
[Site "Calvi"]
[Date "2009.04.30"]
[Round "4"]
[White "Geronimi, Pierre Francois"]
[Black "Koziak, Vitali"]
[Result "0-1"]
[WhiteElo "1940"]
[BlackElo "2475"]
[PlyCount "71"]
[EventDate "2009.04.28"]
[EventType "swiss"]
[EventRounds "9"]
[EventCountry "FRA"]
[SourceTitle "CBM 130 Extra"]
[Source "ChessBase"]
[SourceDate "2009.07.02"]
[SourceVersion "2"]
[SourceVersionDate "2009.07.15"]
[SourceQuality "1"]

1. e4 c5 2. Nf3 e6 3. d4 cxd4 4. Nxd4 a6 5. Bd3 Bc5 6. Nb3 Be7 7. 0-0 Nc6 8. Nc3 Nf6 9. f4 d6 10. Kh1 Qc7 11. a4 b6 12. Be3 Bb7 13. f5 exf5 14. Rxf5 Ne5 15. Qe2 g6 16. Rff1 0-0 17. Nd2 Rfe8 18. Nc4 Nfd7 19. Nxe5 Nxe5 20. Qf2 Bd8 21. h3 Bc6 22. Rae1 Qb8 23. Bd4 b5 24. axb5 axb5 25. Nd5 Bxd5 26. exd5 Qb7 27. Bxb5 Rf8 28. Bxe5 dxe5 29. Bc4 Qb4 30. Bb3 Qd6 31. Qf3 Ba5 32. Rd1 Bc7 33. Qf6 e4 34. Qxd6 Bxd6 35. Rf6 Rfd8 36. Re1 0-1

[Event "Calvi Balagne op 06th"]
[Site "Calvi"]
[Date "2009.04.29"]
[Round "3"]
[White "Geronimi, Pierre Francois"]
[Black "Balducchi, Francois"]
[Result "1-0"]
[WhiteElo "1940"]
[BlackElo "1737"]
[PlyCount "55"]
[EventDate "2009.04.28"]
[EventType "swiss"]
[EventRounds "9"]
[EventCountry "FRA"]
[SourceTitle "CBM 130 Extra"]
[Source "ChessBase"]
[SourceDate "2009.07.02"]
[SourceVersion "2"]
[SourceVersionDate "2009.07.15"]
[SourceQuality "1"]

1. e4 d5 2. exd5 Qxd5 3. Nf3 Bg4 4. Be2 Nf6 5. c4 Qd8 6. 0-0 c6 7. d4 e6 8. Nc3 Nbd7 9. Qb3 Qb6 10. h3 Bf5 11. Bf4 Be7 12. Rfe1 0-0 13. Qxb6 Nxb6 14. Nh4 Be4 15. Nxe4 Nxe4 16. Nf3 Rad8 17. Bd3 Nf6 18. a4 Bb4 19. Red1 c5 20. dxc5 Bxc5 21. a5 Nbd7 22. Bc2 Rfe8 23. Ba4 Re7 24. Ne5 Bb4 25. Rd3 Kf8 26. Rad1 Ke8 27. Nxd7 Nxd7 28. Bc7 1-0

[Event "Bastia CC Winter op 34th"]
[Site "Bastia"]
[Date "2009.01.21"]
[Round "4"]
[White "Geronimi, Pierre Francois"]
[Black "Humeau, Cyril"]
[Result "0-1"]
[WhiteElo "1952"]
[BlackElo "2203"]
[PlyCount "38"]
[EventDate "2009.01.18"]
[EventType "swiss"]
[EventRounds "7"]
[EventCountry "FRA"]
[SourceTitle "EXT 2010"]
[Source "ChessBase"]
[SourceDate "2010.11.25"]
[SourceVersion "1"]
[SourceVersionDate "2010.11.25"]
[SourceQuality "1"]

1. e4 e5 2. Nf3 Nf6 3. Nxe5 d6 4. Nf3 Nxe4 5. Nc3 Nxc3 6. dxc3 Be7 7. Be3 Be6 8. Qd2 Nc6 9. 0-0-0 Bxa2 10. b3 a5 11. Bb5 a4 12. Bxa4 Rxa4 13. bxa4 0-0 14. Nd4 Ne5 15. Nb3 Qd7 16. Qd4 Qc6 17. Kb2 Nc4+ 18. Kxa2 Qxa4+ 19. Kb1 Ra8 0-1

[Event "Badalona op 34th"]
[Site "Badalona"]
[Date "2008.08.07"]
[Round "7"]
[White "Shatko, Danil"]
[Black "Geronimi, Pierre Francois"]
[Result "1-0"]
[WhiteElo "1863"]
[BlackElo "1947"]
[PlyCount "61"]
[EventDate "2008.08.01"]
[EventType "swiss"]
[EventRounds "9"]
[EventCountry "ESP"]
[SourceTitle "CBM 125 Extra"]
[Source "ChessBase"]
[SourceDate "2008.09.01"]
[SourceVersion "1"]
[SourceVersionDate "2008.09.01"]
[SourceQuality "1"]

1. c4 e6 2. Nc3 Nf6 3. d4 d5 4. cxd5 exd5 5. Bg5 Be7 6. e3 0-0 7. Bd3 Re8 8. Nge2 Nbd7 9. 0-0 c5 10. Nf4 cxd4 11. exd4 h6 12. Bxf6 Nxf6 13. Bb5 Bd6 14. Bxe8 Bxf4 15. Qf3 Bc7 16. Ba4 Bg4 17. Qe3 Qd6 18. g3 a6 19. Rfe1 b5 20. Bb3 b4 21. Na4 Bh3 22. Qe7 Qc6 23. Rac1 Qb5 24. Rxc7 Rf8 25. Qe2 Re8 26. Re7 Rxe7 27. Qxe7 Qd3 28. Qe3 Qf5 29. Rc1 Bg4 30. Bc2 Qh5 31. Qe5 1-0

[Event "Calvi Balagne op 05th"]
[Site "Calvi"]
[Date "2008.04.09"]
[Round "5"]
[White "Draganic, Stjepan"]
[Black "Geronimi, Pierre Francois"]
[Result "1-0"]
[WhiteElo "2174"]
[BlackElo "1935"]
[PlyCount "65"]
[EventDate "2008.04.06"]
[EventType "swiss"]
[EventRounds "9"]
[EventCountry "FRA"]
[SourceTitle "CBM 123 Extra"]
[Source "ChessBase"]
[SourceDate "2008.05.06"]
[SourceVersion "1"]
[SourceVersionDate "2008.05.06"]
[SourceQuality "1"]

1. d4 Nf6 2. Bf4 c5 3. e3 Qb6 4. Nc3 cxd4 5. exd4 e6 6. Nf3 Bb4 7. Bd3 Nc6 8. 0-0 Bxc3 9. bxc3 Nd5 10. Bd2 Qc7 11. Ng5 Nf6 12. f4 Ne7 13. Ne4 b6 14. Nxf6+ gxf6 15. f5 exf5 16. Qe2 Bb7 17. Rae1 0-0-0 18. Qxe7 Rhg8 19. Rf2 Qc6 20. Bf1 Rg7 21. Bf4 d6 22. Qxf6 Rdg8 23. Qxf5+ Kb8 24. Bg3 Rg5 25. Qf4 R5g6 26. Bd3 Qxc3 27. Ree2 Rg4 28. Qxd6+ Ka8 29. Qe5 R4g5 30. Qe8+ Rxe8 31. Rxe8+ Qc8 32. Rxc8+ Bxc8 33. Be4+ 1-0

[Event "Calvi Balagne op 05th"]
[Site "Calvi"]
[Date "2008.04.07"]
[Round "2"]
[White "Geronimi, Pierre Francois"]
[Black "Al Sayed, Mohammed"]
[Result "0-1"]
[WhiteElo "1935"]
[BlackElo "2474"]
[PlyCount "78"]
[EventDate "2008.04.06"]
[EventType "swiss"]
[EventRounds "9"]
[EventCountry "FRA"]
[SourceTitle "CBM 123 Extra"]
[Source "ChessBase"]
[SourceDate "2008.05.06"]
[SourceVersion "1"]
[SourceVersionDate "2008.05.06"]
[SourceQuality "1"]

1. e4 d6 2. d4 Nf6 3. Nc3 e5 4. dxe5 dxe5 5. Qxd8+ Kxd8 6. Nf3 Bd6 7. Bc4 Be6 8. Bxe6 fxe6 9. Be3 Nbd7 10. Rd1 Ke7 11. Nd2 a6 12. f3 b5 13. Nb3 c5 14. Ke2 Rhc8 15. Rd2 c4 16. Nc1 Bc5 17. Rhd1 h6 18. g4 Bxe3 19. Kxe3 Nc5 20. a3 h5 21. g5 Nh7 22. Rg1 Nf8 23. g6 Rd8 24. Rxd8 Rxd8 25. Rg5 Kf6 26. Rxh5 Nxg6 27. N1e2 Rb8 28. Kd2 a5 29. Ng3 b4 30. axb4 axb4 31. Nce2 b3 32. Rh7 Nf4 33. Rh4 bxc2 34. Kxc2 Na4 35. Nxf4 Rxb2+ 36. Kc1 exf4 37. Nh5+ Kg5 38. Rh3 Rb7 39. Kc2 e5 0-1

[Event "EU-ch blitz"]
[Site "Ajaccio"]
[Date "2007.10.25"]
[Round "21"]
[White "Cvitan, Ognjen"]
[Black "Geronimi, Pierre Francois"]
[Result "1-0"]
[WhiteElo "2543"]
[BlackElo "1950"]
[PlyCount "61"]
[EventDate "2007.10.25"]
[EventType "swiss (blitz)"]
[EventRounds "32"]
[EventCountry "FRA"]
[SourceTitle "CBM 120 Extra"]
[Source "ChessBase"]
[SourceDate "2007.11.01"]
[SourceVersion "1"]
[SourceVersionDate "2007.11.01"]
[SourceQuality "1"]

1. c4 e5 2. g3 Nf6 3. Bg2 c6 4. d4 Bd6 5. Nc3 Bc7 6. d5 d6 7. e4 0-0 8. Nge2 Bb6 9. 0-0 Bd7 10. Na4 cxd5 11. Nxb6 Qxb6 12. cxd5 Bb5 13. h3 Nbd7 14. Be3 Qa6 15. Re1 Rac8 16. Nc3 Nc5 17. Qd2 Nd3 18. Red1 Nc5 19. Rdc1 Bd3 20. f3 Bb5 21. b3 Nd3 22. Rcb1 Qa5 23. Nxb5 Qxb5 24. Bf1 Nh5 25. Bxd3 Qd7 26. Kg2 g6 27. Rc1 f5 28. exf5 gxf5 29. Bf2 Rxc1 30. Rxc1 Rf7 31. Bf1 1-0

[Event "EU-ch blitz"]
[Site "Ajaccio"]
[Date "2007.10.25"]
[Round "22"]
[White "Geronimi, Pierre Francois"]
[Black "Cvitan, Ognjen"]
[Result "0-1"]
[WhiteElo "1950"]
[BlackElo "2543"]
[PlyCount "24"]
[EventDate "2007.10.25"]
[EventType "swiss (blitz)"]
[EventRounds "32"]
[EventCountry "FRA"]
[SourceTitle "CBM 120 Extra"]
[Source "ChessBase"]
[SourceDate "2007.11.01"]
[SourceVersion "1"]
[SourceVersionDate "2007.11.01"]
[SourceQuality "1"]

1. e4 a6 2. Bxa6 bxa6 3. Nc3 d6 4. h3 Nf6 5. a3 Bb7 6. f3 Nc6 7. g4 Rb8 8. g5 Nd7 9. f4 Nd4 10. f5 Bc6 11. f6 Ne5 12. Nb1 e6 0-1

[Event "EU-ch blitz"]
[Site "Ajaccio"]
[Date "2007.10.25"]
[Round "4"]
[White "Geronimi, Pierre Francois"]
[Black "Van Wely, Loek"]
[Result "0-1"]
[WhiteElo "1950"]
[BlackElo "2679"]
[PlyCount "52"]
[EventDate "2007.10.25"]
[EventType "swiss (blitz)"]
[EventRounds "32"]
[EventCountry "FRA"]
[SourceTitle "CBM 120 Extra"]
[Source "ChessBase"]
[SourceDate "2007.11.01"]
[SourceVersion "1"]
[SourceVersionDate "2007.11.01"]
[SourceQuality "1"]

1. e4 e5 2. Nf3 Nc6 3. Bc4 Bc5 4. c3 Nf6 5. d4 exd4 6. cxd4 Bb4+ 7. Nc3 Nxe4 8. 0-0 Bxc3 9. d5 Ne5 10. bxc3 Nxc4 11. Re1 Ncd6 12. Ng5 0-0 13. Nxe4 Nxe4 14. Rxe4 d6 15. Qf3 Re8 16. Rxe8+ Qxe8 17. Be3 f6 18. Re1 Bd7 19. Qg3 Qe5 20. Qxe5 fxe5 21. c4 b6 22. Bg5 h6 23. Bh4 g5 24. Bg3 Bf5 25. Re2 Bd3 26. Rd2 Bxc4 0-1

[Event "Corsica-ch rap2"]
[Site "Corsica"]
[Date "2007.06.17"]
[Round "?"]
[White "Humeau, Cyril"]
[Black "Geronimi, Pierre Francois"]
[Result "1-0"]
[WhiteElo "2162"]
[BlackElo "1987"]
[PlyCount "101"]
[EventDate "2007.06.17"]
[EventType "tourn (rapid)"]
[EventRounds "9"]
[EventCountry "FRA"]
[SourceTitle "EXT 2008"]
[Source "ChessBase"]
[SourceDate "2007.11.25"]
[SourceVersion "1"]
[SourceVersionDate "2007.11.25"]
[SourceQuality "1"]

1. c4 e5 2. Nc3 Nf6 3. Nf3 Nc6 4. e4 Be7 5. Be2 0-0 6. 0-0 d6 7. d4 exd4 8. Nxd4 Re8 9. Re1 Be6 10. b3 Nd7 11. Bb2 Bf6 12. Nd5 Nxd4 13. Nxf6+ Qxf6 14. Qxd4 Qxd4 15. Bxd4 Ne5 16. h3 Nc6 17. Bc3 f5 18. exf5 Bxf5 19. Bf3 Bd7 20. Bd5+ Kf8 21. f4 Rab8 22. Kf2 Ne7 23. Be4 Bf5 24. Bf3 c6 25. Bd4 a6 26. g4 Bg6 27. Re3 b5 28. c5 d5 29. Rae1 Ng8 30. a3 Nf6 31. f5 Bf7 32. Kg3 Rbd8 33. Kf4 Rc8 34. Rxe8+ Rxe8 35. Rxe8+ Bxe8 36. b4 Kf7 37. g5 Nd7 38. h4 Nf8 39. Bd1 Bd7 40. Ke5 Ke7 41. f6+ gxf6+ 42. gxf6+ Kf7 43. Bh5+ Ng6+ 44. Kd6 Be8 45. Bc3 Kg8 46. Bxg6 hxg6 47. Ke7 Bf7 48. Kd7 Kh7 49. Kxc6 Kh6 50. Kb6 Kh5 51. Be1 1-0

[Event "Bastia blindfold rap 2nd"]
[Site "Bastia"]
[Date "2007.05.19"]
[Round "3"]
[White "Humeau, Cyril"]
[Black "Geronimi, Pierre Francois"]
[Result "1-0"]
[WhiteElo "2162"]
[BlackElo "1893"]
[PlyCount "61"]
[EventDate "2007.05.19"]
[EventType "swiss (rapid)"]
[EventRounds "5"]
[EventCountry "FRA"]
[SourceTitle "EXT 2008"]
[Source "ChessBase"]
[SourceDate "2007.11.25"]
[SourceVersion "1"]
[SourceVersionDate "2007.11.25"]
[SourceQuality "1"]

1. a3 e5 2. e4 Nf6 3. Nc3 Bc5 4. Nf3 d6 5. Bc4 0-0 6. 0-0 Bg4 7. h3 Bh5 8. b4 Bb6 9. a4 a5 10. b5 c6 11. Re1 Nbd7 12. g4 Bg6 13. d3 Qc7 14. Be3 Bxe3 15. fxe3 Rad8 16. Bb3 Nc5 17. Qe2 Nxb3 18. cxb3 Nd7 19. Rac1 c5 20. Nd5 Qb8 21. Nh4 h6 22. Nf5 Bxf5 23. gxf5 g6 24. Kh1 gxf5 25. Qh5 Kh7 26. Qxf5+ Kh8 27. Qh5 Kh7 28. Rg1 Nf6 29. Qf5+ Kh8 30. Qxf6+ Kh7 31. Qg7# 1-0